000 00282nam a22001337a 4500
008 170131b xxu||||| |||| 00| 0 eng d
020 _a1133594689
041 _aeng
080 _23RD
_a61
100 _a3
101 _aSHMI
245 _a3-2-1 CODE IT
_cGREEN, M.A
942 _2udc
_cBK
999 _c4037
_d4037